000 00296nam a22001337a 4500
008 181107b xxu||||| |||| 00| 0 eng d
020 _a9780314481504
041 _aeng
080 _a101
100 _a24
101 _aFIL
245 _aIntroduction to Philosophy
_cWhite,J.E
942 _2udc
_cBK
999 _c52096
_d52096